Carregant...

Jathaka vasal /

Dades bibliogràfiques
Autor principal: Krishnan Kutty, Veloor
Idioma:Undetermined
Publicat: Kottayam : Curent , 1983.
Matèries:
LEADER 00466nam a2200145Ia 4500
001 67256
008 170722s9999 xx 000 0 und d
100 |a Krishnan Kutty, Veloor 
245 |a Jathaka vasal / 
260 |a Kottayam :  |b Curent ,  |c 1983. 
300 |a 91 p.  |c 18Cms 
653 |a Malayalam Prose 
942 |c GEN 
999 |c 101980  |d 101980 
952 |0 0  |1 0  |4 0  |6 O_3261N242X_K43_KR  |7 0  |9 143342  |a LIB  |b LIB  |d 2017-08-12  |o O32,61N242x K43 (KR)  |p 191334  |r 2017-08-12  |v 7.00  |w 2017-08-12  |y GEN